[Event "Greifswald Springer op"]
[Site "Greifswald"]
[Date "2023.10.14"]
[Round "6"]
[White "Borriss, Emma"]
[Black "Hartung, Kim"]
[Result "1/2-1/2"]
[WhiteElo "1166"]
[BlackElo "1363"]
[PlyCount "102"]
[EventDate "2023.10.12"]
[EventType "swiss"]
[EventRounds "7"]
[EventCountry "GER"]
[SourceTitle "CBM 216 Extra"]
[Source "ChessBase"]
[SourceDate "2023.11.30"]
[SourceVersion "1"]
[SourceVersionDate "2023.11.30"]
[SourceQuality "1"]

1. e4 c6 2. d4 d5 3. e5 Bf5 4. Nf3 e6 5. Be2 c5 6. Be3 Qb6 7. b3 Nc6 8. 0-0 Rc8 9. c4 cxd4 10. Bxd4 Nxd4 11. Nxd4 Bc5 12. Nxf5 exf5 13. Nc3 d4 14. Na4 Qd8 15. Nxc5 Rxc5 16. f4 Ne7 17. b4 Rc7 18. Qd3 0-0 19. b5 Rd7 20. Rfd1 Qb6 21. Kh1 Rfd8 22. a4 g6 23. a5 Qc5 24. Qa3 Qxa3 25. Rxa3 Kg7 26. g3 f6 27. exf6+ Kxf6 28. Bd3 Ke6 29. Re1+ Kf6 30. a6 b6 31. Ra2 Nc8 32. Kg2 Re7 33. Rxe7 Kxe7 34. Re2+ Kf7 35. Re5 Kf6 36. Kf3 Ne7 37. h3 Rd6 38. g4 Re6 39. g5+ Kf7 40. c5 Rxe5 41. fxe5 bxc5 42. b6 Nc6 43. b7 Nxe5+ 44. Ke2 Nc6 45. Bb5 Nb8 46. Kd3 Ke6 47. Kc4 Kd6 48. h4 f4 49. Kd3 Kd5 50. Bc4+ Kc6 51. Ke4 f3 1/2-1/2

[Event "Greifswald Springer op"]
[Site "Greifswald"]
[Date "2023.10.12"]
[Round "2"]
[White "Borriss, Emma"]
[Black "Ederle, Artoem"]
[Result "0-1"]
[WhiteElo "1166"]
[BlackElo "1488"]
[PlyCount "70"]
[EventDate "2023.10.12"]
[EventType "swiss"]
[EventRounds "7"]
[EventCountry "GER"]
[SourceTitle "CBM 216 Extra"]
[Source "ChessBase"]
[SourceDate "2023.11.30"]
[SourceVersion "1"]
[SourceVersionDate "2023.11.30"]
[SourceQuality "1"]

1. e4 c5 2. c3 Nf6 3. e5 Nd5 4. d4 cxd4 5. cxd4 Qc7 6. Qb3 e6 7. Nc3 Nxc3 8. bxc3 b6 9. Nf3 Nc6 10. Bd3 d6 11. Bf4 dxe5 12. Nxe5 Bd6 13. Nxc6 Bxf4 14. g3 Bb7 15. gxf4 Bxc6 16. Bb5 0-0 17. Bxc6 Qxc6 18. 0-0 Qf3 19. c4 Qxf4 20. d5 exd5 21. cxd5 Rad8 22. Rad1 Rd6 23. Rd3 Rfd8 24. Rfd1 Rh6 25. Rg3 Qh4 26. h3 Qe4 27. Qc3 Rg6 28. d6 Rxg3+ 29. fxg3 Qe6 30. Qc7 Qe3+ 31. Kf1 Qf3+ 32. Ke1 Re8+ 33. Kd2 Re2+ 34. Kc1 Qa3+ 35. Kb1 Qb2# 0-1

[Event "Greifswald Springer op"]
[Site "Greifswald"]
[Date "2023.10.12"]
[Round "1"]
[White "Stopsack, Malte"]
[Black "Borriss, Emma"]
[Result "1-0"]
[WhiteElo "2173"]
[BlackElo "1166"]
[PlyCount "51"]
[EventDate "2023.10.12"]
[EventType "swiss"]
[EventRounds "7"]
[EventCountry "GER"]
[SourceTitle "CBM 216 Extra"]
[Source "ChessBase"]
[SourceDate "2023.11.30"]
[SourceVersion "1"]
[SourceVersionDate "2023.11.30"]
[SourceQuality "1"]

1. e4 e5 2. f4 exf4 3. Nf3 d5 4. exd5 Qxd5 5. d4 Nc6 6. c4 Qe4+ 7. Be2 Bb4+ 8. Nc3 Nf6 9. 0-0 Bxc3 10. bxc3 0-0 11. Bd3 Qe7 12. Bxf4 Ne4 13. Qc2 Nf6 14. Rae1 Qd8 15. Bg5 h6 16. Bh4 g5 17. Nxg5 hxg5 18. Bxg5 Nxd4 19. cxd4 Qxd4+ 20. Kh1 Nh5 21. Bh7+ Kg7 22. Bc1 Ng3+ 23. hxg3 Rh8 24. Rxf7+ Kxf7 25. Qg6+ Kf8 26. Re8# 1-0

[Event "Greifswald Springer op"]
[Site "Greifswald"]
[Date "2022.10.10"]
[Round "6"]
[White "Klinger, Clemens"]
[Black "Borriss, Emma"]
[Result "1/2-1/2"]
[WhiteElo "1654"]
[BlackElo "1092"]
[PlyCount "52"]
[EventDate "2022.10.08"]
[EventType "swiss"]
[EventRounds "7"]
[EventCountry "GER"]
[SourceTitle "CBM 210 Extra"]
[Source "ChessBase"]
[SourceDate "2022.11.30"]
[SourceVersion "1"]
[SourceVersionDate "2022.11.30"]
[SourceQuality "1"]

1. e4 e5 2. Nf3 Nc6 3. Bc4 Bc5 4. 0-0 Nf6 5. d4 exd4 6. e5 Ng4 7. Bf4 d6 8. exd6 cxd6 9. Re1+ Ne7 10. h3 Nf6 11. Bg5 a6 12. Nxd4 d5 13. Bb3 Qd6 14. c3 h6 15. Be3 Bd7 16. Nd2 0-0-0 17. Bc2 g5 18. b4 Bb6 19. Rb1 g4 20. h4 g3 21. f3 Nh5 22. c4 Qf6 23. c5 Bc7 24. Nf1 Ng6 25. Bxg6 fxg6 26. b5 Qxh4 1/2-1/2

[Event "Greifswald Springer op"]
[Site "Greifswald"]
[Date "2022.10.09"]
[Round "3"]
[White "Gottschalt, Karsten"]
[Black "Borriss, Emma"]
[Result "0-1"]
[WhiteElo "1145"]
[BlackElo "1092"]
[PlyCount "60"]
[EventDate "2022.10.08"]
[EventType "swiss"]
[EventRounds "7"]
[EventCountry "GER"]
[SourceTitle "CBM 210 Extra"]
[Source "ChessBase"]
[SourceDate "2022.11.30"]
[SourceVersion "1"]
[SourceVersionDate "2022.11.30"]
[SourceQuality "1"]

1. e4 e5 2. Nc3 Nc6 3. Nf3 Nf6 4. d4 exd4 5. Nxd4 Bb4 6. f3 0-0 7. Nxc6 bxc6 8. Bd3 Qe7 9. Qe2 Re8 10. Bd2 Bb7 11. 0-0-0 Rab8 12. a3 Bxa3 13. Na2 Qe6 14. Kb1 Ba6 15. Bc3 Bxd3 16. Qxd3 Bc5 17. Bd4 Bxd4 18. Qxd4 Rb6 19. Rd2 d6 20. c3 Nd7 21. Nb4 c5 22. Qd5 cxb4 23. Qxe6 fxe6 24. cxb4 Rxb4 25. Rc2 Nc5 26. Ka2 Ra4+ 27. Kb1 Rb8 28. g4 Rb5 29. h4 Rba5 30. Rxc5 Ra1+ 0-1